COMENTARIO AL PROFETA JEREMIAS/

TRADUCCION DE: JEREMIA

שמור ב:
מידע ביבליוגרפי
מחבר ראשי: Westermann, Klaus (autor)
פורמט: ספר
סדרה:(Actualidad Bíblica ; 27)
נושאים:
תגים: הוספת תג
אין תגיות, היה/י הראשונ/ה לתייג את הרשומה!

MARC

LEADER 00000nam^a2200000^a^4500
001 000216602
005 20250521000000.0
009 20260310103659.396
035 |a 039809 
037 |a Acervo Xavier Clavigero 
082 |a 224. 2 WES 
100 |a Westermann, Klaus  |e (autor) 
245 1 0 |a COMENTARIO AL PROFETA JEREMIAS/  |c CLAUS WESTERMANN; TR. JOSE MARIA BERNALDEZ MONTALVO 
264 |a MADRID :  |b FAX,  |c 1972 
300 |a 175p. 
336 |a texto  |b txt  |2 rdacontenido 
337 |a sin mediación  |b n  |2 rdamedio 
338 |a volumen  |b nc  |2 rdasoporte 
440 |a (Actualidad Bíblica ;  |v 27) 
520 |a TRADUCCION DE: JEREMIA 
649 |a XX 
650 |a Biblia -  |x Antiguo Testamento -  |x Libros Proféticos (Mayores) -  |x Jeremías 
910 |a Fondo General 
920 |a Impresos - Libros 
930 |a Colección General 
905 |a 101 
901 |a 039809  |b IT1  |c ACC  |i 039809  |u 20250521 
902 |a https://opac.biblio.iteso.mx/vufind/Record/000216602